Statistiques concernant Pays qui partagent ces régions n°6

Cliquez ici pour prendre le quiz!

Statistiques générales

  • Ce quiz a été pris 86 fois
  • Le résultat moyen est 22 sur 29

Statistiques - réponses

RégionPays% Correct
ArabieArabie Saoudite
97%
ArabieOman
96%
ArabieYemen
96%
ArabieEmirats Arabes Unis
95%
ArabieQatar
93%
Corne de l'AfriqueSomalie
93%
Corne de l'AfriqueEthiopie
92%
Corne de l'AfriqueDjibouti
89%
Corne de l'AfriqueErythrée
89%
Macédoine (région)Gréce
89%
Macédoine (région)Albanie
88%
Macédoine (région)Kosovo
88%
Macédoine (région)Macedoine du Nord
88%
ArabieKoweit
87%
Macédoine (région)Serbie
86%
ArabieBahrein
82%
Macédoine (région)Bulgarie
78%
RhodésieZambie
72%
RhodésieZimbabwe
72%
ZanguebarKenya
71%
ZanguebarMozambique
70%
ZanguebarTanzanie
67%
Isthme de CourlandeRussie
58%
Côte des BarbaresquesLibye
55%
Côte des BarbaresquesAlgerie
54%
Côte des BarbaresquesTunisie
54%
Côte des BarbaresquesMaroc
53%
Isthme de CourlandeLituanie
38%
ZanguebarComores
29%

Distribution des résultats

Percentile par nombre de réponses

% des personnes avec chaque résultat

Votre développement - résultats

Vous n’avez pas pris ce quiz